Λεξικό αρχαίας βυζαντινής και λόγιας ελληνικής γλώσσας : για το γυμνάσιο και την Α' λυκείου

Αποθηκεύτηκε σε:
Λεπτομέρειες βιβλιογραφικής εγγραφής
Κύριος συγγραφέας: Γιαννοθανάσης, Αθανάσιος
Άλλοι συγγραφείς: Γιαννοθανάση, Αμαλία
Μορφή: Βιβλίο
Γλώσσα:Greek
Δημοσίευση: Αθήνα : Gutenberg, 1997
Σειρά:Αρχείο θεωρητικής παιδείας ; ; 6
Θέματα:
Ετικέτες: Προσθήκη ετικέτας
Δεν υπάρχουν, Καταχωρήστε ετικέτα πρώτοι!

MARC

LEADER 00000cam a2200000 i 4500
001 1/5805
008 000608s1997 gre d
020 |a 960-01-0719-X 
035 |l 10061714 
040 |a GR-MY-UA  |b gre  |e aacr 
041 0 |a gre 
082 0 |a 483 
100 1 |a Γιαννοθανάσης, Αθανάσιος. 
245 1 0 |a Λεξικό αρχαίας βυζαντινής και λόγιας ελληνικής γλώσσας :  |b για το γυμνάσιο και την Α' λυκείου /  |c Αθ. Γιαννοθανάσης, Αμ. Γιαννοθανάση 
260 |a Αθήνα :   |b Gutenberg,   |c 1997 
300 |a 300 σ.  |b πίν. 
490 1 |a Αρχείο θεωρητικής παιδείας  |v ; 6 
500 |a "Με πίνακες ρημάτων και λέξεις / φράσεις του τωρινού γλωσσικού μας κώδικα. Ορθογραφία - ετυμολογία - γραμματική αναγνώριση- σημασία στα νεοελληνικά - παραθετικά - χρόνοι ρημάτων" 
650 0 0 |a Greek language, Modern  |x Dictionaries. 
650 0 0 |a Greek language  |x Dictionaries  |x Greek, Modern. 
650 0 0 |a Greek language, Medieval and late  |x Dictionaries  |x Greek, Modern. 
700 1 |a Γιαννοθανάση, Αμαλία. 
830 0 |a Αρχείο θεωρητικής παιδείας ;  |v ; 6 
852 |a INST  |b LESVOS  |e 20000608  |h 483 ΓΙΑ  |p 005100023996  |q 005100023996  |t REF  |y 23 
852 |a INST  |b RHODES  |e 20070703  |h 483 ΓΙΑ  |p 005400026393  |q 005400026393  |t REF  |y 23 
901 |a BIBL1-2000-2 
901 |a BIBL4-2007-2 
909 |a Λ  |b 069802 
909 |a Ρ  |b 128017 
920 |a ΣΥΝΕΔΡΙΟ ΡΟΔΟΥ  |y ΛΕΣΒΟΣ  |z 1999-10 
970 |z 2000/06/ΜΙΧΑΗΛΙΔΟΥ ΑΝΝΑ